| 000 | 00724nam a2200253Ia 4500 | ||
|---|---|---|---|
| 003 | OSt | ||
| 005 | 20220918165356.0 | ||
| 006 | a|||||r|||| 00| 0 | ||
| 007 | ta | ||
| 008 | 220917b |||||||| |||| 00| 0 eng d | ||
| 020 | _a48170032504 (hbk) | ||
| 024 | _a187,070 | ||
| 037 | _cTextual | ||
| 040 |
_aARTS _cARTS _beng |
||
| 041 |
_2eng _aeng |
||
| 082 | _aV2xEAL,1:g, P1 (SC) | ||
| 100 |
_aSaleem Khan M. A. _924008 |
||
| 245 | 0 |
_aAl-biruni's discovery of India _b an interpretative study |
|
| 260 |
_aNew Delhi _bSouth Asian Publications _c2001 |
||
| 300 |
_axiv, 280p. _ccm. |
||
| 650 | _aHISTORY | ||
| 942 |
_hV2xEAL,1:g, P1 (SC) _cTEXL _2CC |
||
| 999 |
_c129569 _d129569 |
||